Recent developments in planning case law (Record no. 75351)
[ view plain ]
| 000 -LEADER | |
|---|---|
| fixed length control field | 01615cab a2200229 4500 |
| 001 - CONTROL NUMBER | |
| control field | L129925 |
| 008 - FIXED-LENGTH DATA ELEMENTS--GENERAL INFORMATION | |
| fixed length control field | 050606n2005 000 0 eng u |
| 035 ## - SYSTEM CONTROL NUMBER | |
| System control number | (Sirsi) u129925 |
| 041 ## - LANGUAGE CODE | |
| Language code of text/sound track or separate title | eng |
| 100 ## - MAIN ENTRY--PERSONAL NAME | |
| Personal name | Pugh-Smith, John |
| 245 ## - TITLE STATEMENT | |
| Title | Recent developments in planning case law |
| 260 ## - PUBLICATION, DISTRIBUTION, ETC. | |
| Date of publication, distribution, etc. | 2005 |
| 490 ## - SERIES STATEMENT | |
| Series statement | Journal of Planning and Environment Law |
| Volume/sequential designation | June 2005, 722-735(13) |
| 520 ## - SUMMARY, ETC. | |
| Summary, etc. | Summarises trends in the case law affecting land-use planning over the past 12 months up to February 2005. Refers to the changes to be ushered in by the Planning and Compulsory Purchase Act 2004 and the increasing influence of the Commission and the European Court of Justice in the field of environmental regulation. The article examines case law relating to: environmental impact assessment; the continuing judicial containment of the impact of the Human Rights Act 1998 (save in the case of gypsies); the courts' consideration of Crown exemption from planning control; the need for due process by local planning authorities in their administration of the planning process; enforcement issues; and guidance on the interpretation of s106 agreements. Ends with comments on the reversion of the planning application appeal period to six months and the new streamlined PPS1 "Delivering sustainable development". |
| 590 ## - LOCAL NOTE (RLIN) | |
| Local note | IKA070605 |
| 650 ## - SUBJECT ADDED ENTRY--TOPICAL TERM | |
| Topical term or geographic name entry element | PLANNING AND COMPULSORY PURCHASE ACT 2004 |
| 650 ## - SUBJECT ADDED ENTRY--TOPICAL TERM | |
| Topical term or geographic name entry element | PLANNING POLICY STATEMENT ONE |
| 650 ## - SUBJECT ADDED ENTRY--TOPICAL TERM | |
| Topical term or geographic name entry element | HUMAN RIGHTS ACT 1998 |
| 650 ## - SUBJECT ADDED ENTRY--TOPICAL TERM | |
| Topical term or geographic name entry element | TOWN AND COUNTRY PLANNING ACT 1990 S106 |
| 690 ## - LOCAL SUBJECT ADDED ENTRY--TOPICAL TERM (OCLC, RLIN) | |
| Topical term or geographic name as entry element | ENVIRONMENTAL AND LAND CONSULTANCY-PLANNING AND DEVELOPMENT |
| 942 ## - ADDED ENTRY ELEMENTS (KOHA) | |
| Suppress in OPAC | 0 |
| Withdrawn status | Lost status | Source of classification or shelving scheme | Damaged status | Not for loan | Home library | Current library | Shelving location | Date acquired | Total Checkouts | Full call number | Barcode | Date last seen | Copy number | Price effective from | Koha item type |
|---|---|---|---|---|---|---|---|---|---|---|---|---|---|---|---|
| Dewey Decimal Classification | London | London | Journal article | 06/06/2005 | L129925 | 129925-1001 | 06/08/2019 | 1 | 06/08/2019 | Journal article |